Normal view
MARC view
Entry Uniform Title
001 - CONTROL NUMBER
- control field: 2811
003 - CONTROL NUMBER IDENTIFIER
- control field: ARRUPE
005 - DATE AND TIME OF LATEST TRANSACTION
- control field: 20131023142408.0
008 - FIXED-LENGTH DATA ELEMENTS
- fixed length control field: 131023|| aca||aabn | a|a d
040 ## - CATALOGING SOURCE
- Original cataloging agency: ARRUPE
- Transcribing agency: ARRUPE
130 ## - HEADING--UNIFORM TITLE
- Uniform title: Bible.
- Name of part/section of a work: Genesis
- General subdivision: Criticism, interpretation, etc.
670 ## - SOURCE DATA FOUND
- Source citation: Work cat.: (ARRUPE)0: Borgman, Paul, 1940- 2810, Genesis :, c2001.